000 00361nam a2200169Ia 4500
003 0100
008 130303s9999 xx 000 0 und d
040 _cARRUPELIB
050 _aBT83.6.M44
100 _aMellert, Robert B
245 _aWhat is process theology?
260 _aNY
260 _bPaulist Pr.
260 _C1975
300 _a141p
942 0 0 _09
999 _c29954
_d29954